Phụ âm cuối

محفوظ في:
التفاصيل البيبلوغرافية
التنسيق: كتاب
الوسوم: إضافة وسم
لا توجد وسوم, كن أول من يضع وسما على هذه التسجيلة!
Thư viện lưu trữ: Mạng thư viện Đại học Đà Nẵng
LEADER 00398nam a22001691a 4500
001 000036698
003 12993
005 20160412012710.0
008 160412s0 000
082 |a 4T(07)88 
245 |a Phụ âm cuối  |c Narabodee 
OWN |a LNN 
999 |a From the UDN01 
TYP |a Monograph 
980 |a Mạng thư viện Đại học Đà Nẵng